Country Pairs that Export the Most Cheese - Statistics

General Stats
  • This quiz has been taken 969 times
  • The average score is 16 of 18
Answer Stats
Country % Correct
France
99%
United States
99%
Italy
98%
Spain
97%
Germany
96%
United Kingdom
95%
Netherlands
94%
Switzerland
93%
Belgium
92%
China
92%
Mexico
92%
Austria
89%
Poland
89%
Ireland
87%
Denmark
84%
Greece
77%
South Korea
54%
New Zealand
51%
No matching quizzes found
Score Distribution
Percent of People with Each Score
Percentile by Number Answered
Your Score History
You have not taken this quiz